01646nam a22002537a 450000500170000000800410001702000180005804000080007605000190008410000320010324000950013524501540023025000190038426000340040330000240043749000230046150001020048450000910058650505980067765000230127565000310129865000260132970000370135520231102152114.0190717s 2016mx 000 0 spa d a9786073143899 aUIN 4aJZ1242bK5718 1 aKissinger,Henry e , autor 10aWorld order. Reflections on the Character of Nations and the Course of HistorylEspañol 10aOrden mundial b : reflexiones sobre el carácter de las naciones y el curso de la historia c / Henry Kissinger ; traducción de Teresa Arijón  a1a. edición  aMéxicob : Debate c , 2016 a431 páginas c ;  0aHistoria (Debate)  aTítulo original: World order. Reflections on the Character of Nations and the Course of History aEn portada: "Deslumbrante e instructivo... Un libro magistral. Walter Isaacson, Time" 0 aLa cuestión del orden mundial Europa: el orden internacional pluralista El sistema europeo de equilibrio de poder y su fin El islamismo y Oriente Próximo: un mundo en desorden Islamismo: la marea revolucionaria. Dos interpretaciones Estados Unidos e Irán: dos enfoques del orden La multiplicidad de Asia Hacia un orden asiático: ¿confrontación o asociación? Actuar por toda la humanidad: Estados Unidos Estados Unidos: una superpotencia ambivalente Richard Nixon y el orden internacional Tecnología, equilibrio y conciencia humana ¿Orden mundial en nuestra época?  4aSEGURIDAD NACIONAL 4aRELACIONES INTERNACIONALES 4aPOLÍTICAS MUNDIALES1 aArijón, Teresa e , traductor